Creación, organización y funcionamiento /

Guardado en:
Autor Corporativo: Universidad Nacional del Litoral
Formato: Libro
Idioma:Spanish
Publicado: Santa Fe : Universidad Nacional del Litoral, 1939.
Etiquetas: Agregar Etiqueta
Sin Etiquetas, Sea el primero en etiquetar este registro!
LEADER 00497nam a22001455a 4500
001 EUN.um023607
003 AR-BaUNS
005 20050623122902.0
008 041125s1939####ag############000#0#spa#d
245 1 0 |a Creación, organización y funcionamiento /  |c Universidad Nacional del Litoral. 
260 |a Santa Fe :  |b Universidad Nacional del Litoral,  |c 1939. 
300 |a 63 p. 
082 0 4 |a 378.982 
110 2 |a Universidad Nacional del Litoral  |c Rosario. 
859 |a Ar-BaUNS  |b BIB. CENTRAL - Sector C  |h 378.982  |i R712  |p 379/948